| 000 | 00911nam a22002175i 4500 | ||
|---|---|---|---|
| 001 | 161119 | ||
| 003 | ES-MaACL | ||
| 005 | 20250930063141.0 | ||
| 008 | 990201s1862 sp |||| | spa d | ||
| 040 |
_aCCPB | B _bspa _cCCPB | B |
||
| 100 | 1 |
_aOrtiz y Sanz, José, _d1739-1822 _987661 |
|
| 245 | 1 | 0 |
_aDisertacion histórico-geográfica acerca del parage de la célebre ciudad de Munda, junto a la cual venció Julio Cesar a los hijos de Pompeyo / _cobra postuma de Jose Ortiz y Sanz ... ; precedida de una advertencia por D. Salvador Enguídanos. |
| 260 |
_aMadrid : _b[s.n.], _c1862 ( _fImprenta de El Clamor Público) |
||
| 300 |
_a19, 22 p. ; _c26 cm. |
||
| 510 | 4 |
_aPalau, _c206033 |
|
| 650 | 4 |
_aMunda, Batalla de, 45 a. C. _9136558 |
|
| 700 | 1 | 1 |
_aEnguídanos, Salvador, _epr. _9126938 |
| 752 |
_aEspaña - _dMadrid |
||
| 852 |
_aES-MaACL _j1597-F-16 _z-- Rust. |
||
| 999 |
_c161119 _d161119 |
||